Statistics for The Kane Chronicles Quiz

Click here to take the quiz!

General Stats

  • This quiz has been taken 516 times
    (515 since last reset)
  • The average score is 11 of 15

Answer Stats

Hint Answer % Correct
The author of the seriesRick Riordan
97%
Who is older, Carter or Sadie?Carter
95%
In book two, what is Carter and Sadie's mission?To find the three scrolls of Ra, and awaken him
95%
The first bookThe Red Pyramid
90%
The goddess who went into SadieIsis
89%
The god who went into CarterHorus
88%
The third book (yet to come)The Serpent's Shadow
86%
The second bookThe Throne Of Fire
85%
Who was a master of fire who later was revealed as a shabti?Zia
65%
As revealed at the end of book one, who is the true enemy?Apophis
62%
What was the artifact Carter's father first used at the museum?The Rosetta Stone
62%
Name the dwarf god who helped Carter and Sadie in book two.Bes
62%
In book two,what the name of the "ice cream man"?Vladimir the Inhaler
33%
What is the name of the gods' dwelling place?The Duat
30%
At the end of book one, what was the name for the amulet Osiris gave to Sadie and Carter?The djed, or the "backbone"
23%

Score Distribution

Percentile by Number Answered

Percent of People with Each Score

Your Score History

You have not taken this quiz since the last reset